01432cam a2200349 a 4500999001900000001000900019003000500028005001700033008004100050010001700091020001500108040001800123050002000141082001800161100003000179245011800209246003900327250001200366260004600378300003400424500000800458504005400466650002600520650005300546700002300599856010600622856009100728856009200819906004500911942002300956952010300979 c234424d23442412842824Nust20170320165842.0020703s2003 caua b 000 0 eng  a 2002281066 a0534561888 aDLCcDLCdDLC00aGE42b.V36 200300a179.1 VAN2211 aVanDeVeer, Donald,d1939-14aThe environmental ethics and policy book :bphilosophy, ecology, economics /cDonald VanDeVeer, Christine Pierce.14aEnvironmental ethics & policy book a3rd ed. aBelmont, CA :bThomson/Wadsworth,cc2003. axxx, 674 p. :bill. ;c24 cm. aP.B aIncludes bibliographical references (p. 659-674). 0aEnvironmental ethics. 0aEnvironmental policyxMoral and ethical aspects.1 aPierce, Christine.423Contributor biographical informationuhttp://www.loc.gov/catdir/enhancements/fy1103/2002281066-b.html423Publisher descriptionuhttp://www.loc.gov/catdir/enhancements/fy1103/2002281066-d.html413Table of contents onlyuhttp://www.loc.gov/catdir/enhancements/fy1215/2002281066-t.html a7bcbccorigcopd2encipf20gy-gencatlg 2ddccBKk179.1 VAN 00102ddc40708NFICaCLbCLcGENd2017-03-20l0o179.1 VANpIESE-802r2017-03-20w2017-03-20yBK